| 000 | 01379caa a22002891ib4500 | ||
|---|---|---|---|
| 003 | SA-RiAUC | ||
| 005 | 20251030135951.0 | ||
| 008 | 251027s2006 su g f000 0 ara c | ||
| 040 |
_aSA-JeALM _bara _cSA-RiAUC _erda |
||
| 041 | 1 |
_aara _aheb |
|
| 082 | 0 | 4 |
_a221.4924 _qSA-RiAUC |
| 090 |
_a221.4924 _bر و ب |
||
| 100 | 1 |
_aروبن، أوري، _d1944- _eمؤلف. |
|
| 245 | 1 | 0 |
_aترجمة أوري روبين لمعاني القرآن الكريم بالعبرية / _cعرض وتقويم محمد محمود أبو غدير. |
| 264 |
_aالمدينة المنورة : _b وزارة الشؤون الإسلامية، _c2006 |
||
| 300 |
_a42 صفحة؛ _c22 سم. |
||
| 336 |
_aنص _btxt _2rdacontent _3كتاب |
||
| 337 |
_aبدون وسيط _bn _2rdamedia |
||
| 338 |
_aمجلد _bnc _2rdacarrier |
||
| 580 | _aفي : ندوة القرآن الكريم في الدراسات الاستشراقية. -المدينة المنورة : وزارة الشؤون الإسلامية، 2006. | ||
| 630 | 2 | 7 |
_aالقرآن _xترجمة _xالعبرية _2aucsh |
| 700 | 1 |
_aأبو غدير، محمد محمود محمد _eمقدم. |
|
| 711 | 2 |
_aندوة القرآن الكريم في الدراسات الاستشراقية _d( 1427 هجري : _cالمدينة المنورة) |
|
| 730 | 2 | 2 | _aالقرآن |
| 942 |
_2ddc _cBOOK _n0 |
||
| 949 |
_aSA-JeALM _d251027 _umohamedma123 _n1 |
||
| 999 |
_c12850 _d12850 |
||